[Event "Moscow op-F 13th"]
[Site "Moscow"]
[Date "2017.02.01"]
[Round "6"]
[White "Talov, Nikita"]
[Black "Matsenko, Andrei"]
[Result "1-0"]
[WhiteElo "2068"]
[BlackElo "2356"]
[PlyCount "91"]
[EventDate "2017.01.27"]
[EventType "swiss"]
[EventRounds "9"]
[EventCountry "RUS"]
[SourceTitle "CBM 176 Extra"]
[Source "ChessBase"]
[SourceDate "2017.03.02"]
[SourceVersion "1"]
[SourceVersionDate "2017.03.02"]
[SourceQuality "1"]

1. e4 e6 2. d4 d5 3. Nd2 Nc6 4. Ngf3 Nf6 5. e5 Nd7 6. c3 f6 7. exf6 Qxf6 8. Be2 Bd6 9. 0-0 0-0 10. Qb3 Kh8 11. Bd3 Ne7 12. c4 c6 13. Bc2 Re8 14. Re1 Ng6 15. Nf1 Nh4 16. Ng5 Nf8 17. Qh3 Nhg6 18. Qh5 h6 19. cxd5 cxd5 20. Nf3 Bd7 21. Ne5 Bxe5 22. dxe5 Qf7 23. Re3 Re7 24. Rf3 Qe8 25. Rg3 Nf4 26. Qg4 Rc8 27. Bxf4 Rxc2 28. Bxh6 Qf7 29. Rf3 Qg8 30. Bg5 Rf7 31. Qh5+ Nh7 32. Qxf7 Nxg5 33. Qxd7 Nxf3+ 34. gxf3 Qf8 35. Kg2 Qc5 36. Qd8+ Kh7 37. Qh4+ Kg8 38. Rd1 Rxb2 39. Rd4 Rxa2 40. Qd8+ Qf8 41. Qd7 Qf7 42. Qc8+ Kh7 43. Rh4+ Kg6 44. Qh8 Kf5 45. Ng3+ Kxe5 46. Qb8+ 1-0

[Event "RSSS-ch"]
[Site "Ekaterinburg"]
[Date "2014.09.29"]
[Round "7"]
[White "Marchenko, Andrey"]
[Black "Talov, Nikita"]
[Result "0-1"]
[WhiteElo "2066"]
[BlackElo "2130"]
[PlyCount "61"]
[EventDate "2014.09.23"]
[EventType "swiss"]
[EventRounds "9"]
[EventCountry "RUS"]
[SourceTitle "EXT 2015"]
[Source "ChessBase"]
[SourceDate "2014.11.20"]
[SourceVersion "1"]
[SourceVersionDate "2014.11.20"]
[SourceQuality "1"]

1. e4 c5 2. c3 d5 3. exd5 Qxd5 4. d4 Nf6 5. Nf3 Bg4 6. Be2 cxd4 7. cxd4 Nc6 8. Nc3 Qa5 9. Qb3 Qb6 10. Qxb6 axb6 11. Be3 e6 12. 0-0 Bb4 13. Nb5 Rc8 14. a3 Be7 15. h3 Bh5 16. g4 Bg6 17. Ne5 Nxe5 18. dxe5 Nd5 19. Rfc1 0-0 20. Bd4 Nf4 21. Bf3 Rxc1+ 22. Rxc1 Be4 23. Bxe4 Ne2+ 24. Kg2 Nxc1 25. b4 f5 26. gxf5 exf5 27. Bxb7 Ne2 28. Be3 f4 29. Bxb6 Rb8 30. Bd5+ Kf8 31. Nd4 0-1

[Event "RSSS-ch"]
[Site "Ekaterinburg"]
[Date "2014.09.26"]
[Round "4"]
[White "Bazarzhapov, Dugar"]
[Black "Talov, Nikita"]
[Result "1/2-1/2"]
[WhiteElo "1827"]
[BlackElo "2130"]
[PlyCount "56"]
[EventDate "2014.09.23"]
[EventType "swiss"]
[EventRounds "9"]
[EventCountry "RUS"]
[SourceTitle "EXT 2015"]
[Source "ChessBase"]
[SourceDate "2014.11.20"]
[SourceVersion "1"]
[SourceVersionDate "2014.11.20"]
[SourceQuality "1"]

1. e4 c5 2. Nc3 Nc6 3. g3 g6 4. Bg2 Bg7 5. d3 e6 6. f4 Nge7 7. Nf3 Nd4 8. 0-0 0-0 9. Ne2 Nec6 10. c3 Nxe2+ 11. Qxe2 f5 12. e5 d5 13. h4 h5 14. d4 cxd4 15. Nxd4 Nxd4 16. cxd4 Qb6 17. Be3 Bd7 18. Rfc1 Bb5 19. Qd2 Rfc8 20. Rc2 a5 21. Rac1 Rxc2 22. Qxc2 Bf8 23. Bf1 Bc6 24. Bd3 a4 25. Kg2 a3 26. b3 Rc8 27. Qf2 Bb4 28. Rc2 Kf7 1/2-1/2

[Event "Tatarstan-ch op"]
[Site "Kazan"]
[Date "2012.09.09"]
[Round "7"]
[White "Murtazin, Bulat"]
[Black "Talov, Nikita"]
[Result "1-0"]
[WhiteElo "2012"]
[BlackElo "2080"]
[PlyCount "55"]
[EventDate "2012.09.03"]
[EventType "swiss"]
[EventRounds "9"]
[EventCountry "RUS"]
[SourceTitle "CBM 150 Extra"]
[Source "ChessBase"]
[SourceDate "2012.10.19"]
[SourceVersion "1"]
[SourceVersionDate "2012.10.19"]
[SourceQuality "1"]

1. d4 Nf6 2. c4 c5 3. d5 b5 4. cxb5 a6 5. bxa6 g6 6. Nc3 Bxa6 7. Nf3 Bg7 8. g3 d6 9. Bg2 Nbd7 10. 0-0 Qa5 11. Bd2 Nb6 12. b3 Nfd7 13. Qc2 c4 14. Na4 Qb5 15. Bc3 cxb3 16. axb3 Rc8 17. Bxg7 Rxc2 18. Nd4 Qa5 19. Nxc2 Bxe2 20. Rfc1 Rg8 21. Nd4 Ba6 22. Nxb6 Qxb6 23. Rc6 Qb7 24. Rcxa6 f5 25. Ra7 Qb6 26. Ne6 Qxb3 27. Bd4 Qb5 28. Nc7+ 1-0

[Event "Tatarstan-ch op"]
[Site "Kazan"]
[Date "2012.09.08"]
[Round "6"]
[White "Talov, Nikita"]
[Black "Nizamov, Ildar"]
[Result "1/2-1/2"]
[WhiteElo "2080"]
[BlackElo "2311"]
[PlyCount "78"]
[EventDate "2012.09.03"]
[EventType "swiss"]
[EventRounds "9"]
[EventCountry "RUS"]
[SourceTitle "CBM 150 Extra"]
[Source "ChessBase"]
[SourceDate "2012.10.19"]
[SourceVersion "1"]
[SourceVersionDate "2012.10.19"]
[SourceQuality "1"]

1. e4 c5 2. Nf3 e6 3. d4 cxd4 4. Nxd4 Nc6 5. Nc3 Qc7 6. Be2 a6 7. 0-0 Nf6 8. Be3 Bb4 9. Nxc6 bxc6 10. Qd4 Bd6 11. h3 0-0 12. Qc4 Bh2+ 13. Kh1 d5 14. exd5 cxd5 15. Qh4 Be5 16. Bd4 Rb8 17. b3 Bb7 18. Na4 Bxd4 19. Qxd4 Qxc2 20. Bd3 Qc6 21. Rac1 Qd6 22. Qc5 Rfd8 23. Rfe1 Qf4 24. Qa7 d4 25. Kg1 Qg5 26. Bf1 d3 27. Red1 Be4 28. Nc5 d2 29. Rc3 Ra8 30. Nxe4 Nxe4 31. Qe3 Qxe3 32. Rxe3 Rd4 33. f3 Nc5 34. Rc3 Rd5 35. Bc4 Rd4 36. Be2 Rd5 37. Bc4 Rd4 38. Be2 Rd5 39. Bc4 Rd4 1/2-1/2

[Event "Tatarstan-ch op"]
[Site "Kazan"]
[Date "2012.09.05"]
[Round "3"]
[White "Talov, Nikita"]
[Black "Toropov, Pavel"]
[Result "0-1"]
[WhiteElo "2080"]
[BlackElo "2302"]
[PlyCount "56"]
[EventDate "2012.09.03"]
[EventType "swiss"]
[EventRounds "9"]
[EventCountry "RUS"]
[SourceTitle "CBM 150 Extra"]
[Source "ChessBase"]
[SourceDate "2012.10.19"]
[SourceVersion "1"]
[SourceVersionDate "2012.10.19"]
[SourceQuality "1"]

1. c4 c6 2. Nf3 Nf6 3. b3 d5 4. cxd5 cxd5 5. Bb2 Nc6 6. g3 Bg4 7. Bg2 Bxf3 8. Bxf3 e5 9. 0-0 Be7 10. d3 0-0 11. Nd2 Rc8 12. Rc1 Qa5 13. a3 Rfd8 14. b4 Qb6 15. Qa4 Nd4 16. Bxd4 exd4 17. Qb3 Rc6 18. Qb2 Rdc8 19. Rxc6 bxc6 20. Rc1 a5 21. Nb3 axb4 22. Qxd4 Qxd4 23. Nxd4 bxa3 24. Nxc6 Kf8 25. e4 dxe4 26. dxe4 Bd6 27. e5 Bxe5 28. Re1 Rxc6 0-1

[Event "Sochi Meetings op"]
[Site "Sochi"]
[Date "2012.07.26"]
[Round "5.2"]
[White "Talov, Nikita"]
[Black "Safarian, Armen A"]
[Result "1/2-1/2"]
[WhiteElo "2143"]
[BlackElo "2141"]
[PlyCount "101"]
[EventDate "2012.07.24"]
[EventType "swiss"]
[EventRounds "9"]
[EventCountry "RUS"]
[SourceTitle "EXT 2022"]
[Source "ChessBase"]
[SourceDate "2021.10.06"]
[SourceVersion "1"]
[SourceVersionDate "2021.10.06"]
[SourceQuality "1"]

1. e4 c5 2. Nf3 e6 3. d4 cxd4 4. Nxd4 Nc6 5. Nc3 Qc7 6. Be2 a6 7. 0-0 Nf6 8. Nb3 b5 9. a3 Bb7 10. Be3 Ne5 11. Qd4 Neg4 12. f4 Nxe3 13. Qxe3 Rc8 14. Bd3 Be7 15. Rae1 0-0 16. Qh3 h6 17. e5 Nd5 18. Ne4 d6 19. f5 exf5 20. exd6 Qb6+ 21. Kh1 fxe4 22. dxe7 Nxe7 23. Bxe4 Bxe4 24. Rxe4 Ng6 25. c3 Rce8 26. Qf5 Re6 27. Rfe1 Rf6 28. Qc5 Qb8 29. Nd4 Nf4 30. R4e3 Ne6 31. Qe5 Qxe5 32. Rxe5 Nxd4 33. cxd4 Rf2 34. R5e2 Rxe2 35. Rxe2 Rc8 36. h3 Kf8 37. Kg1 Rc4 38. Rd2 Ke7 39. Kf2 Kd6 40. Ke3 Rc1 41. Rf2 f6 42. Ke4 Ke6 43. Re2 g6 44. g4 Rc8 45. Rf2 Rc4 46. Kd3 Rc1 47. Re2+ Kf7 48. d5 Rd1+ 49. Ke4 Rc1 50. Kd3 Rd1+ 51. Ke4 1/2-1/2

[Event "Privolzhskogo FO-ch"]
[Site "Kazan"]
[Date "2012.03.06"]
[Round "9"]
[White "Karpeshov, Oleg Mikhailovich"]
[Black "Talov, Nikita"]
[Result "1/2-1/2"]
[WhiteElo "2384"]
[BlackElo "2080"]
[PlyCount "72"]
[EventDate "2012.02.26"]
[EventType "swiss"]
[EventRounds "9"]
[EventCountry "RUS"]
[SourceTitle "CBM 147 Extra"]
[Source "ChessBase"]
[SourceDate "2012.04.24"]
[SourceVersion "1"]
[SourceVersionDate "2012.04.24"]
[SourceQuality "1"]

1. e4 c5 2. Nc3 Nc6 3. f4 g6 4. Nf3 Bg7 5. Bb5 Nd4 6. a4 e6 7. Bd3 d6 8. Nxd4 cxd4 9. Ne2 Ne7 10. c3 Nc6 11. b4 dxc3 12. dxc3 Nxb4 13. Bb5+ Bd7 14. Ba3 Nc6 15. Bxd6 Qb6 16. Rb1 Qe3 17. Qc2 Rc8 18. Qd3 Qxd3 19. Bxd3 Na5 20. Rb4 Rc6 21. e5 Bf8 22. Bxf8 Rxf8 23. Kd2 Ke7 24. h4 h5 25. Rhb1 b6 26. Nd4 Rc5 27. Nb3 Nxb3+ 28. R1xb3 Ra5 29. Bb5 Bxb5 30. axb5 Rc8 31. Kd3 Rc5 32. g3 Ra2 33. Rb2 Ra1 34. Rb1 Ra2 35. R1b2 Ra1 36. Rb1 Ra2 1/2-1/2

[Event "Privolzhskogo FO-ch"]
[Site "Kazan"]
[Date "2012.03.05"]
[Round "8"]
[White "Talov, Nikita"]
[Black "Pushin, Vladimir"]
[Result "1/2-1/2"]
[WhiteElo "2080"]
[BlackElo "2375"]
[PlyCount "122"]
[EventDate "2012.02.26"]
[EventType "swiss"]
[EventRounds "9"]
[EventCountry "RUS"]
[SourceTitle "CBM 147 Extra"]
[Source "ChessBase"]
[SourceDate "2012.04.24"]
[SourceVersion "1"]
[SourceVersionDate "2012.04.24"]
[SourceQuality "1"]

1. e4 c6 2. d4 d5 3. Nc3 dxe4 4. Nxe4 Bf5 5. Ng3 Bg6 6. h4 h6 7. Nf3 Nd7 8. h5 Bh7 9. Bd3 Bxd3 10. Qxd3 e6 11. Bd2 Ngf6 12. 0-0-0 Bd6 13. Ne4 Nxe4 14. Qxe4 Qe7 15. Ne5 Bxe5 16. dxe5 Qc5 17. f4 Qd5 18. Qxd5 cxd5 19. Bb4 Rc8 20. b3 Rc6 21. Rh3 f6 22. Bd6 Kf7 23. Kb2 Rhc8 24. Rd2 Rb6 25. Rc3 Rbc6 26. Re3 Re8 27. Rg3 a5 28. a4 Rec8 29. Re3 b6 30. Rf2 Nc5 31. Bxc5 bxc5 32. f5 d4 33. Re4 c4 34. exf6 c3+ 35. Kb1 gxf6 36. fxe6+ Rxe6 37. Rxd4 Re1+ 38. Ka2 Rc5 39. g4 Ke7 40. b4 axb4 41. Rxb4 Rc6 42. a5 Kd8 43. Kb3 Rc5 44. Rc4 Rxa5 45. Rxf6 Rb5+ 46. Kxc3 Re3+ 47. Kd2 Rg3 48. Rd4+ Ke7 49. Rxh6 Rc5 50. Ra4 Kf7 51. Ra7+ Kg8 52. Rg6+ Kh8 53. h6 Rg2+ 54. Kd3 Rgxc2 55. Rgg7 R2c3+ 56. Ke4 R3c4+ 57. Kf3 Rf5+ 58. Kg3 Rxg4+ 59. Rxg4 Rf3+ 60. Kh4 Rh3+ 61. Kg5 Rh5+ 1/2-1/2

[Event "Moscow op-E"]
[Site "Moscow"]
[Date "2011.02.02"]
[Round "5.160"]
[White "Akhmetov, Radmil"]
[Black "Talov, Nikita"]
[Result "0-1"]
[WhiteElo "1910"]
[BlackElo "2110"]
[PlyCount "65"]
[EventDate "2011.01.29"]
[EventType "swiss"]
[EventRounds "9"]
[EventCountry "RUS"]
[SourceTitle "EXT 2022"]
[Source "ChessBase"]
[SourceDate "2021.10.06"]
[SourceVersion "1"]
[SourceVersionDate "2021.10.06"]
[SourceQuality "1"]

1. e4 c5 2. Nf3 Nc6 3. c4 e5 4. Nc3 g6 5. d3 Bg7 6. Be2 Nge7 7. Bg5 0-0 8. Qd2 Nd4 9. 0-0 d6 10. Ne1 Be6 11. Rb1 f5 12. exf5 gxf5 13. f4 h6 14. Bh4 Qd7 15. Bxe7 Qxe7 16. Bf3 e4 17. Bd1 Bf7 18. Nc2 Rae8 19. Ne3 exd3 20. Ned5 Bxd5 21. Nxd5 Qe4 22. Bh5 Re6 23. b3 Ne2+ 24. Kh1 b5 25. Bf3 Qd4 26. Nc7 Qe3 27. Qxe3 Rxe3 28. Bd5+ Kh8 29. Nxb5 a6 30. Nxd6 Nc3 31. Rbd1 Nxd1 32. Rxd1 d2 33. Bf3 0-1

[Event "Moscow op-E"]
[Site "Moscow"]
[Date "2011.01.30"]
[Round "2.93"]
[White "Talov, Nikita"]
[Black "Manakova, Maria"]
[Result "1/2-1/2"]
[WhiteElo "2110"]
[BlackElo "2366"]
[PlyCount "122"]
[EventDate "2011.01.29"]
[EventType "swiss"]
[EventRounds "9"]
[EventCountry "RUS"]
[SourceTitle "EXT 2022"]
[Source "ChessBase"]
[SourceDate "2021.10.06"]
[SourceVersion "1"]
[SourceVersionDate "2021.10.06"]
[SourceQuality "1"]

1. e4 c5 2. Nf3 e6 3. d4 cxd4 4. Nxd4 Nc6 5. Be2 Qc7 6. Nc3 a6 7. 0-0 b5 8. a3 Bb7 9. Be3 Nf6 10. Nb3 Ne5 11. Nd2 h5 12. h3 d5 13. exd5 Neg4 14. Bxg4 hxg4 15. Nde4 Nxe4 16. Nxe4 gxh3 17. d6 Qd7 18. Qg4 hxg2 19. Qxg2 Bxd6 20. Rfd1 Bd5 21. b3 Be5 22. c4 bxc4 23. bxc4 Bh2+ 24. Kf1 Bxc4+ 25. Ke1 Bd5 26. Qxg7 0-0-0 27. Rac1+ Bc7 28. Ng3 Kb8 29. Qc3 Bxg3 30. fxg3 Rh1+ 31. Kf2 Rh2+ 32. Kg1 Rg2+ 33. Kf1 Qb5+ 34. Rd3 Qb7 35. Bf4+ Ka8 36. Qc7 Qxc7 37. Bxc7 Rh2 38. Bxd8 Rh1+ 39. Kf2 Rxc1 40. Ba5 Rc2+ 41. Ke3 f6 42. Bd8 f5 43. Kf4 Kb7 44. Ba5 Rc5 45. Bb4 Rb5 46. Rc3 Kb6 47. Bd6 Bc6 48. Be5 Rb1 49. Bd6 Bd5 50. Bb4 a5 51. Bd6 Rf1+ 52. Ke5 Re1+ 53. Kf6 Re4 54. Rc2 Bb3 55. Rc3 a4 56. Rc1 Re2 57. Rc3 Re1 58. Rc8 Rd1 59. Be5 Kb5 60. Rb8+ Kc4 61. Kxe6 Rf1 1/2-1/2

[Event "Moscow op-E"]
[Site "Moscow"]
[Date "2011.01.29"]
[Round "1.252"]
[White "Kryukov, Anton"]
[Black "Talov, Nikita"]
[Result "0-1"]
[WhiteElo "1935"]
[BlackElo "2110"]
[PlyCount "46"]
[EventDate "2011.01.29"]
[EventType "swiss"]
[EventRounds "9"]
[EventCountry "RUS"]
[SourceTitle "EXT 2022"]
[Source "ChessBase"]
[SourceDate "2021.10.06"]
[SourceVersion "1"]
[SourceVersionDate "2021.10.06"]
[SourceQuality "1"]

1. d4 Nf6 2. Bg5 c5 3. d5 Qb6 4. Nc3 Qxb2 5. Bd2 Qb6 6. e4 d6 7. f4 g6 8. e5 dxe5 9. fxe5 Nfd7 10. Nf3 Bg7 11. Rb1 Qd8 12. e6 fxe6 13. Ng5 Nf6 14. Bb5+ Kf8 15. dxe6 h6 16. Be3 Qc7 17. 0-0 a6 18. Bf4 Qa5 19. Nd5 axb5 20. Bc7 Qa4 21. Rb4 cxb4 22. Nxf6 Nc6 23. Qf3 Bxf6 0-1

[Event "Nezhmetdinov Memorial 32nd"]
[Site "Kazan"]
[Date "2010.06.08"]
[Round "9"]
[White "Talov, Nikita"]
[Black "Semenova, Anastasia"]
[Result "1-0"]
[WhiteElo "2087"]
[BlackElo "1898"]
[PlyCount "45"]
[EventDate "2010.05.31"]
[EventType "swiss"]
[EventRounds "9"]
[EventCountry "RUS"]
[SourceTitle "CBM 136 Extra"]
[Source "ChessBase"]
[SourceDate "2010.07.02"]
[SourceVersion "2"]
[SourceVersionDate "2010.07.15"]
[SourceQuality "1"]

1. e4 e5 2. Nf3 Nf6 3. Nxe5 d6 4. Nf3 Nxe4 5. d4 d5 6. Bd3 Bd6 7. c4 c6 8. 0-0 0-0 9. Nc3 Nxc3 10. bxc3 dxc4 11. Bxc4 Bf5 12. Bg5 Qc7 13. Re1 h6 14. Bh4 b5 15. Bb3 Na6 16. Ne5 g5 17. Qh5 Kg7 18. Bxg5 hxg5 19. Qxg5+ Bg6 20. Bxf7 Rxf7 21. Qxg6+ Kf8 22. Nxf7 Qxf7 23. Qxd6+ 1-0

[Event "Nezhmetdinov Memorial 32nd"]
[Site "Kazan"]
[Date "2010.06.06"]
[Round "7"]
[White "Talov, Nikita"]
[Black "Ospennikov, Dmitry V"]
[Result "0-1"]
[WhiteElo "2087"]
[BlackElo "2243"]
[PlyCount "104"]
[EventDate "2010.05.31"]
[EventType "swiss"]
[EventRounds "9"]
[EventCountry "RUS"]
[SourceTitle "CBM 136 Extra"]
[Source "ChessBase"]
[SourceDate "2010.07.02"]
[SourceVersion "2"]
[SourceVersionDate "2010.07.15"]
[SourceQuality "1"]

1. e4 e5 2. Nf3 Nc6 3. Bb5 a6 4. Ba4 Nf6 5. 0-0 Be7 6. Re1 b5 7. Bb3 d6 8. c3 0-0 9. h3 Bb7 10. d4 Re8 11. Ng5 Rf8 12. Nf3 h6 13. Nbd2 Re8 14. Nf1 Bf8 15. Ng3 g6 16. Nh2 Bg7 17. h4 h5 18. Bg5 Qd7 19. Qd2 Na5 20. Bc2 Nc4 21. Qc1 Nh7 22. b3 Nxg5 23. Qxg5 Nb6 24. Rad1 Qe7 25. Qxe7 Rxe7 26. d5 Rd8 27. Bd3 c6 28. c4 cxd5 29. cxd5 Bh6 30. Ne2 Rf8 31. Ng3 Rc7 32. Nhf1 Bg7 33. Nh2 Nd7 34. Nf3 f6 35. Rc1 Rfc8 36. Rxc7 Rxc7 37. Ne2 Bh6 38. Rd1 Nc5 39. Bb1 b4 40. Nd2 a5 41. f4 Ba6 42. Kf2 a4 43. fxe5 fxe5 44. Nc4 Bxc4 45. bxc4 Nd7 46. Bd3 Nc5 47. Bb1 Rf7+ 48. Kg3 Be3 49. Nc1 Bf4+ 50. Kh3 Bxc1 51. Rxc1 Rf2 52. Kg3 Rb2 0-1

[Event "Nezhmetdinov Memorial 32nd"]
[Site "Kazan"]
[Date "2010.06.01"]
[Round "2"]
[White "Talov, Nikita"]
[Black "Volkov, Ilya2222"]
[Result "1-0"]
[WhiteElo "2087"]
[BlackElo "1919"]
[PlyCount "73"]
[EventDate "2010.05.31"]
[EventType "swiss"]
[EventRounds "9"]
[EventCountry "RUS"]
[SourceTitle "CBM 136 Extra"]
[Source "ChessBase"]
[SourceDate "2010.07.02"]
[SourceVersion "2"]
[SourceVersionDate "2010.07.15"]
[SourceQuality "1"]

1. e4 c6 2. d4 d5 3. Nc3 dxe4 4. Nxe4 Bf5 5. Ng3 Bg6 6. h4 h6 7. Nf3 Nd7 8. h5 Bh7 9. Bd3 Bxd3 10. Qxd3 Qc7 11. Bd2 e6 12. Ne4 Ngf6 13. 0-0-0 0-0-0 14. g3 Nxe4 15. Qxe4 Nf6 16. Qe2 Rd5 17. Ne5 Rxd4 18. Bf4 Re4 19. Qd3 Bc5 20. Ng6 Rxf4 21. Nxf4 Qa5 22. Kb1 Bxf2 23. Qf3 Bb6 24. Ne2 Qg5 25. Nd4 Re8 26. Rhf1 Bc7 27. g4 e5 28. Qf5+ Qxf5 29. Nxf5 Nxg4 30. Nxg7 Re7 31. Nf5 Rd7 32. Rxd7 Kxd7 33. Rg1 Nf6 34. Nxh6 Ke6 35. Rg7 Bb6 36. Rxf7 Be3 37. Rxf6+ 1-0

[Event "Muhamedzjanov Memorial"]
[Site "Kazan"]
[Date "2010.01.11"]
[Round "4.3"]
[White "Talov, Nikita"]
[Black "Fedotov, Ivan"]
[Result "1-0"]
[WhiteElo "2095"]
[BlackElo "2089"]
[PlyCount "69"]
[EventDate "2010.01.08"]
[EventType "swiss"]
[EventRounds "9"]
[EventCountry "RUS"]
[SourceTitle "EXT 2022"]
[Source "ChessBase"]
[SourceDate "2021.10.06"]
[SourceVersion "1"]
[SourceVersionDate "2021.10.06"]
[SourceQuality "1"]

1. e4 e5 2. Nf3 Nc6 3. d4 exd4 4. Nxd4 Bc5 5. Nxc6 Qf6 6. Qd2 dxc6 7. Qf4 Be6 8. Bd3 0-0-0 9. 0-0 Bd4 10. Qxf6 Nxf6 11. Nd2 c5 12. a4 Rhe8 13. h3 c4 14. Bxc4 Bxb2 15. Bxb2 Rxd2 16. Bd3 Bb3 17. Bxf6 gxf6 18. Bb5 c6 19. Bxc6 bxc6 20. cxb3 Rxe4 21. Rac1 Kd7 22. Rc3 Rb4 23. Rfc1 Rd6 24. Rg3 h6 25. Rc5 Rd1+ 26. Kh2 Rd5 27. Rcc3 f5 28. Rg7 Ke7 29. Rxc6 Rxb3 30. Rc7+ Rd7 31. Rxf7+ Kxf7 32. Rxd7+ Kg6 33. Rxa7 Ra3 34. a5 f4 35. f3 1-0

[Event "Tatarstan-ch op"]
[Site "Kazan"]
[Date "2009.08.23"]
[Round "4"]
[White "Talov, Nikita"]
[Black "Tsaregorodtsev, Mikhail"]
[Result "1-0"]
[WhiteElo "2084"]
[BlackElo "2028"]
[PlyCount "131"]
[EventDate "2009.08.20"]
[EventType "swiss"]
[EventRounds "9"]
[EventCountry "RUS"]
[SourceTitle "EXT 2010"]
[Source "ChessBase"]
[SourceDate "2010.11.25"]
[SourceVersion "1"]
[SourceVersionDate "2010.11.25"]
[SourceQuality "1"]

1. e4 e6 2. d4 d5 3. Nd2 c5 4. Ngf3 Nc6 5. Bb5 Bd6 6. exd5 exd5 7. dxc5 Bxc5 8. 0-0 Nge7 9. Nb3 Bd6 10. Nfd4 0-0 11. Bg5 Qc7 12. h3 h6 13. Bxe7 Bxe7 14. Qf3 a6 15. Bd3 Qe5 16. Rfe1 Nxd4 17. Nxd4 Qxd4 18. Rxe7 Qxb2 19. Rae1 Qxa2 20. Rxf7 Be6 21. Bh7+ Kxh7 22. Rxf8 Rxf8 23. Qxf8 d4 24. Qd6 Bf5 25. Qxd4 Qxc2 26. Re7 Qc1+ 27. Kh2 Qg5 28. Rxb7 Bc2 29. f4 Qg6 30. Rb6 Qd3 31. Qxd3+ Bxd3 32. g4 a5 33. Rb3 Bc2 34. Rb7 Kg6 35. h4 a4 36. h5+ Kf6 37. Kg3 Be4 38. Ra7 Bc2 39. Kh4 g5+ 40. hxg6 Kxg6 41. Ra6+ Kg7 42. Kh5 Bb3 43. Rg6+ Kf7 44. Rb6 a3 45. Ra6 a2 46. g5 Bd5 47. Ra7+ Ke6 48. g6 Kf5 49. g7 Kxf4 50. Kxh6 Bg8 51. Kg6 Ke5 52. Ra8 Kd6 53. Rd8+ Ke7 54. Ra8 Kd6 55. Kf6 Kd7 56. Ra6 Ke8 57. Ra7 Kd8 58. Ke5 Ke8 59. Kd6 Bh7 60. Rxa2 Kf7 61. Ra7+ Kg8 62. Ke6 Be4 63. Kf6 Bd5 64. Rd7 Bc4 65. Rd8+ Kh7 66. Rh8# 1-0

[Event "Tatarstan-ch op"]
[Site "Kazan"]
[Date "2009.08.20"]
[Round "1"]
[White "Kharlov, Andrei"]
[Black "Talov, Nikita"]
[Result "1-0"]
[WhiteElo "2513"]
[BlackElo "2084"]
[PlyCount "101"]
[EventDate "2009.08.20"]
[EventType "swiss"]
[EventRounds "9"]
[EventCountry "RUS"]
[SourceTitle "EXT 2010"]
[Source "ChessBase"]
[SourceDate "2010.11.25"]
[SourceVersion "1"]
[SourceVersionDate "2010.11.25"]
[SourceQuality "1"]

1. d4 Nf6 2. c4 c5 3. e3 cxd4 4. exd4 g6 5. Nc3 Bg7 6. Bg5 0-0 7. Qd2 d6 8. Be2 Nc6 9. Nf3 Bf5 10. d5 Nb4 11. 0-0 Na6 12. Nd4 Bd7 13. f3 Rc8 14. Rfe1 Re8 15. Bf1 Nc5 16. b4 Na4 17. Nxa4 Bxa4 18. Rac1 Nd7 19. Be3 Nb6 20. Nb3 Bxb3 21. axb3 h5 22. g3 Qd7 23. Red1 Red8 24. Qf2 Qc7 25. Bh3 Ra8 26. Rc2 Kh7 27. Ra2 Nc8 28. b5 b6 29. f4 f5 30. Bf1 Qd7 31. Qf3 Qb7 32. Kg2 a6 33. bxa6 Rxa6 34. Rdd2 Bc3 35. Rdc2 Bb4 36. h3 Bc5 37. Bd2 Rxa2 38. Rxa2 Qd7 39. Bc3 b5 40. cxb5 Na7 41. Qd3 Rb8 42. b4 Bb6 43. Ba1 Rc8 44. Ra6 Qc7 45. Be2 Rb8 46. Bxh5 Nxb5 47. Bd1 Na7 48. h4 Qb7 49. h5 Rc8 50. hxg6+ Kxg6 51. Bh5+ 1-0

[Event "Nezhmetdinov Memorial 31st"]
[Site "Kazan"]
[Date "2009.06.07"]
[Round "8"]
[White "Talov, Nikita"]
[Black "Toropov, Pavel"]
[Result "0-1"]
[WhiteElo "2089"]
[BlackElo "2176"]
[PlyCount "64"]
[EventDate "2009.05.31"]
[EventType "swiss"]
[EventRounds "9"]
[EventCountry "RUS"]
[SourceTitle "CBM 130 Extra"]
[Source "ChessBase"]
[SourceDate "2009.07.02"]
[SourceVersion "2"]
[SourceVersionDate "2009.07.15"]
[SourceQuality "1"]

1. e4 c5 2. Nf3 e6 3. d4 cxd4 4. Nxd4 a6 5. Bd3 Nc6 6. Nxc6 dxc6 7. 0-0 e5 8. Bc4 Qxd1 9. Rxd1 Nf6 10. Bg5 Bc5 11. h3 Bxf2+ 12. Kh1 Ke7 13. Nd2 b5 14. Bb3 h6 15. Bxf6+ gxf6 16. Rf1 Bc5 17. Nf3 Rd8 18. Nh4 Rd2 19. Nf5+ Bxf5 20. Rxf5 Rg8 21. g4 Be3 22. Rf3 Bf4 23. Rc3 Rgd8 24. Rxc6 Rh2+ 25. Kg1 Rdd2 26. Rc3 Rhe2 27. Rd3 Be3+ 28. Kf1 Rf2+ 29. Ke1 Rde2+ 30. Kd1 Bd2 31. c3 Re1+ 32. Kc2 Be3+ 0-1

[Event "Nezhmetdinov Memorial 31st"]
[Site "Kazan"]
[Date "2009.06.04"]
[Round "5"]
[White "Belskiy, Artem"]
[Black "Talov, Nikita"]
[Result "0-1"]
[WhiteElo "1618"]
[BlackElo "2089"]
[PlyCount "28"]
[EventDate "2009.05.31"]
[EventType "swiss"]
[EventRounds "9"]
[EventCountry "RUS"]
[SourceTitle "CBM 130 Extra"]
[Source "ChessBase"]
[SourceDate "2009.07.02"]
[SourceVersion "2"]
[SourceVersionDate "2009.07.15"]
[SourceQuality "1"]

1. d4 Nf6 2. c4 c5 3. Nf3 cxd4 4. Nxd4 e5 5. Nb3 d5 6. cxd5 Qxd5 7. Qc2 Nc6 8. Nc3 Bb4 9. Bd2 Bxc3 10. Bxc3 0-0 11. Rd1 Qe6 12. e3 Qg4 13. f3 Qg5 14. Qf2 Be6 0-1

[Event "Privolzhskogo FO-ch"]
[Site "Kazan"]
[Date "2009.01.27"]
[Round "7"]
[White "Talov, Nikita"]
[Black "Gerasimov, Ivan"]
[Result "0-1"]
[WhiteElo "2073"]
[BlackElo "2342"]
[PlyCount "88"]
[EventDate "2009.01.21"]
[EventType "swiss"]
[EventRounds "9"]
[EventCountry "RUS"]
[SourceTitle "EXT 2010"]
[Source "ChessBase"]
[SourceDate "2010.11.25"]
[SourceVersion "1"]
[SourceVersionDate "2010.11.25"]
[SourceQuality "1"]

1. e4 c5 2. Nf3 e6 3. d4 cxd4 4. Nxd4 a6 5. Bd3 d6 6. c4 Nf6 7. Nc3 Be7 8. 0-0 b6 9. Be3 Bb7 10. f4 Nbd7 11. Nb3 0-0 12. g4 g6 13. g5 Nh5 14. Qg4 Ng7 15. a4 f5 16. gxf6 Nxf6 17. Qe2 Nd7 18. a5 Nc5 19. Nxc5 bxc5 20. Na4 Qc7 21. Nb6 Rae8 22. Qg4 Qc6 23. Ra3 Bf6 24. Rb1 Kh8 25. b4 cxb4 26. Rxb4 Nf5 27. Bf2 Bd4 28. Bxd4+ Nxd4 29. Na4 g5 30. fxg5 Nf3+ 31. Kh1 Ne5 32. Qe2 Rf3 33. Rb6 Qc7 34. Nb2 Ref8 35. Rab3 Bc6 36. Kg2 Qf7 37. Kg1 Rf2 38. Qe3 Rf1+ 39. Kg2 Rf2+ 40. Kg1 Ng4 41. Qg3 Rf1+ 42. Kg2 Ne5 43. Qe3 Rf3 44. Qe1 Rf2+ 0-1